|
|
|
|
| LEADER |
00000nam a2200000Ii 4500 |
| 001 |
DIGUNAU0035 |
| 003 |
NyNyDIG |
| 006 |
m o d |
| 007 |
cr ||||||||||| |
| 008 |
140301s2012 ck ob 100 0 spa d |
| 020 |
|
|
|z 9789588366623
|
| 020 |
|
|
|z 9588366623
|
| 035 |
|
|
|a (OCoLC)888247534
|
| 040 |
|
|
|a DGITA
|b eng
|e pn
|c DGITA
|
| 043 |
|
|
|a s-ck---
|
| 050 |
1 |
4 |
|a KHH516 eBook
|
| 100 |
1 |
|
|a Hoyos Botero, Consuelo.
|
| 245 |
1 |
3 |
|a La corresponsabilidad familiar :
|b rupturas históricas y prospectiva en Medellín /
|c Consuelo Hoyos Botero ; auxiliares de investigación, Sebastián Ramírez Echeverri ... [et al.].
|
| 250 |
|
|
|a 1. ed.
|
| 264 |
|
1 |
|a Medellín, Colombia :
|b Ediciones Universidad Autónoma Latinoamericana (UNAULA),
|c 2012.
|
| 300 |
|
|
|a 1 online resource (170 pages) :
|b ill.
|
| 336 |
|
|
|a text
|b txt
|2 rdacontent
|
| 337 |
|
|
|a computer
|b c
|2 rdamedia
|
| 338 |
|
|
|a online resource
|b cr
|2 rdacarrier
|
| 490 |
1 |
|
|a Serie Cultura de la investigación
|
| 504 |
|
|
|a Includes bibliographical references (p. 165-170).
|
| 650 |
|
0 |
|a Parent and child (Law)
|z Colombia.
|
| 650 |
|
0 |
|a Domestic relations
|z Colombia.
|
| 650 |
|
0 |
|a Domestic relations
|z Colombia
|z Medellín.
|
| 650 |
|
0 |
|a Families
|z Colombia
|z Medellín.
|
| 650 |
|
0 |
|a Responsibility.
|
| 655 |
|
0 |
|a Electronic books.
|
| 700 |
1 |
|
|a Ramírez Echeverri, Sebastián.
|
| 791 |
2 |
|
|a Digitalia (Firm),
|e distributor.
|
| 830 |
|
0 |
|a Cultura de la investigación.
|
| 793 |
0 |
|
|g Digitalia eBook Collection:
|a Ediciones UNAULA.
|
| 856 |
4 |
0 |
|3 Digitalia Hispánica
|u https://www.digitaliapublishing.com/a/19804/
|
| 910 |
|
|
|a Premium Collection: 2007-2012
|